[Event "Israeli Open Championship 2019"]
[Site "Jerusalem"]
[Date "2019.12.15"]
[Round "3.12"]
[White "Levitan, Ronit"]
[Black "Tifferet, Shaked"]
[Result "0-1"]
[WhiteElo "1876"]
[BlackElo "2232"]
[Annotator "TA"]
[PlyCount "88"]
[EventDate "2019.12.12"]
[EventType "swiss"]
[EventCountry "ISR"]
[SourceTitle "playchess.com"]
[Source "ChessBase"]
[SourceQuality "1"]

{[%evp 10,88,27,23,26,24,27,0,0,0,0,0,0,0,59,-3,94,116,147,137,147,144,133,156,138,144,198,183,186,145,208,156,166,-34,216,147,175,172,142,0,0,0,0,0,0,-24,8,15,4,-4,0,-24,-12,-18,0,-20,-11,-6,31,-89,-81,-187,-184,-760,-759,-737,-727,-689,-676,-1125,-1097,-2747,-1100,-1019,-962,-936,-863,-774,-586,-879,-466]} 1. e4 e5 2. Nf3 Nc6 3. Bc4 Bc5 4. c3 Nf6 5. d3 a6 6. Nbd2 O-O {C54: Giuoco Piano: 4 c3 Nf6, main lines with 5 d4 and 5 d3} 7. Bb3 Ba7 (7... d5 8. exd5 Nxd5 9. Ne4 Be7 10. O-O Kh8 11. Re1 f5 12. Ng3 f4 13. Nf1 Bg4 14. h3 {1-0 (56) Duda,J (2724)-Yu,Y (2760) Liaocheng 2018}) 8. h3 d5 {The position is equal.} 9. exd5 Nxd5 10. Ne4 Kh8 11. O-O f5 $146 (11... f6 $11) ({Predecessor:} 11... f6 12. Re1 Nde7 13. Be3 Bxe3 {½-½ (13) Oratovsky,M (2510)-Godena,M (2516) Israel 2013}) 12. Ng3 (12. Bg5 $14 Qd7 13. Ned2) 12... Nf4 {[#]} (12... Be6 $11) 13. d4 $1 $16 {[%mdl 512]} Nxh3+ (13... exd4 14. Bxf4) 14. gxh3 f4 15. Ne4 (15. Nxe5 Nxe5 16. Qh5 fxg3 $19) 15... Bxh3 16. Nfg5 $1 {[%cal Rg5h3]} ({Weaker is} 16. Nxe5 Nxe5 17. dxe5 Qe8 $19) (16. dxe5 Qe8 $17) 16... Bf5 17. Qh5 $1 Bxe4 (17... exd4 $16 18. Re1 Bg6) 18. Nxe4 $18 {Ng5 is the strong threat.} g6 19. Qh2 Qd7 (19... Rf5 $16 20. Re1 Rh5) 20. Ng5 Rf5 21. Qh6 $2 (21. Nf3 $1 $18) 21... Raf8 $2 (21... Qe7 $1 $15 22. Nf7+ Rxf7 23. Bxf7 Qxf7) 22. Bc2 Qe7 23. Bxf5 Rxf5 {[#]} 24. Qxh7+ (24. Bxf4 $1 $16 {Hoping for Bd2.} exf4 25. Nf3) 24... Qxh7 $11 25. Nxh7 exd4 26. Bd2 Ne5 27. Rad1 c5 28. cxd4 cxd4 29. Bb4 Kxh7 30. Rc1 Rg5+ 31. Kh1 Rh5+ 32. Kg1 Bb8 {aiming for ...Nd3.} 33. Rc8 Nc6 {White must now prevent ...f3.} 34. Rc1 (34. Kg2 $14 {keeps the upper hand.}) 34... Be5 $17 35. Bd2 {[#]} (35. Ba3 $17) 35... f3 $1 $19 {And now ...Bh2+ would win.} 36. b4 $2 (36. Rd1) 36... Bh2+ {Black is clearly winning.} 37. Kf1 {[#]} Bf4 $1 {[%cal Rh5h1][%mdl 512]} 38. Kg1 (38. Bxf4 Rh1#) 38... Bxd2 39. Rc4 Bf4 40. a4 Bh2+ 41. Kf1 Rg5 {[%csl Gh2][%cal Rg5g1]} 42. Ke1 Bd6 43. Kd2 Bf4+ 44. Kc2 d3+ {Accuracy: White = 29%, Black = 43%.} 0-1

[Event "Israeli Open Championship 2019"]
[Site "Jerusalem"]
[Date "2019.12.15"]
[Round "3.13"]
[White "Shtemler, Lavi"]
[Black "Gunders, Elad"]
[Result "1-0"]
[WhiteElo "2181"]
[BlackElo "1803"]
[Annotator "TA"]
[PlyCount "61"]
[EventDate "2019.12.12"]
[EventType "swiss"]
[EventCountry "ISR"]
[SourceTitle "playchess.com"]
[Source "ChessBase"]
[SourceQuality "1"]

{[%evp 21,60,25,37,8,9,18,42,0,80,84,69,74,67,57,45,51,53,43,52,50,52,50,287,292,283,269,330,321,289,308,533,528,545,539,906,820,899,877,29998,29999,29999]} 1. c4 e6 2. Nf3 Nf6 3. g3 b6 4. Bg2 Bb7 5. O-O Be7 6. Nc3 c5 7. Re1 d5 8. cxd5 Nxd5 9. Nxd5 Bxd5 10. e4 Bb7 11. d4 O-O 12. Bf4 {A17: English Opening: 1...Nf6 with ...Bb4} (12. d5 $5) (12. d5 exd5 13. exd5 Bf6 14. Ne5 Bxe5 15. Rxe5 Nd7 16. Re2 h6 17. Bf4 Nf6 18. d6 Bxg2 19. Kxg2 Re8 20. Rxe8+ Qxe8 {½-½ (47) Popov,V (2557)-Bukavshin,I (2510) Warsaw 2012}) 12... cxd4 13. Nxd4 Na6 $146 ({Predecessor:} 13... Nc6 14. Nxc6 Bxc6 15. Qe2 Qd7 {½-½ (15) Gschnitzer,O (2386)-Schwing,H (2318) Baden 2018}) 14. Rc1 {White is slightly better.} Qd7 (14... Rc8 $11) 15. Nf5 $16 {[%mdl 64] Discovered Attack} Rfd8 16. Qxd7 Rxd7 17. Rcd1 $36 {[%mdl 2048] White is more active.} Rxd1 18. Nxe7+ Kf8 19. Rxd1 {aiming for Bd6.} Kxe7 20. Bd6+ Ke8 21. Bf1 {Threatens to win with Bb5+.} f6 $2 ({Black should play} 21... Nb8 $1 $14) 22. Bb5+ $1 $18 Kf7 {[#]} 23. Ba3 $1 {And now Rd7+ would win.} Kg6 24. Rd7 Bc8 {[#]} 25. Re7 $1 Nb8 $2 (25... Rb8 {keeps fighting.} 26. b3 (26. Rxa7 Nc5 $18) 26... Rb7 27. Bxa6 Rxe7) 26. b3 h6 27. h4 Na6 28. Be8+ Kh7 29. h5 {Bg6+ would kill now.} Nc5 30. Bg6+ Kh8 31. Re8# {Accuracy: White = 91%, Black = 20%.} 1-0

[Event "Israeli Open Championship 2019"]
[Site "Jerusalem"]
[Date "2019.12.15"]
[Round "3.14"]
[White "Yehoshua, Azgad"]
[Black "Zalkind, Konstantin"]
[Result "0-1"]
[WhiteElo "1746"]
[BlackElo "2162"]
[Annotator "NA RC"]
[PlyCount "92"]
[EventDate "2019.12.12"]
[EventType "swiss"]
[EventCountry "ISR"]
[SourceTitle "playchess.com"]
[Source "ChessBase"]
[SourceQuality "1"]
[TimeControl "5400+30"]

1. e4 {[%emt 0:00:00]} c6 {[%emt 0:00:00]} 2. d4 {[%emt 0:00:10]} d5 {[%emt 0:00:00]} 3. e5 {[%emt 0:00:44]} Bf5 {[%emt 0:00:23]} 4. Bd3 {[%emt 0:02:24]} Bxd3 {[%emt 0:00:30]} 5. Qxd3 {[%emt 0:00:12]} e6 {[%emt 0:00:20]} 6. Ne2 {[%emt 0:03:44]} c5 {[%emt 0:01:14]} 7. c3 {[%emt 0:05:52]} Nc6 {[%emt 0:00:54]} 8. O-O {[%emt 0:02:38]} Nge7 {[%emt 0:01:53] B12: Caro-Kann: Advance Variation} (8... Rc8 9. Nd2 Nh6 10. Nf3 Nf5 11. Bd2 Be7 12. g4 Nh4 13. Nxh4 Bxh4 14. f4 Be7 15. f5 Qb6 16. fxe6 fxe6 {1-0 (48) Matlakov,M (2700)-Le,Q (2714) St Petersburg 2018}) 9. f4 {[%emt 0:26:27]} cxd4 {[%emt 0:06:12]} 10. Nxd4 {[%emt 0:05:03]} Qd7 $146 {[%emt 0:05:00]} ({Predecessor:} 10... Nxd4 11. cxd4 Qb6 12. Nc3 Rc8 13. Ne2 h5 14. Bd2 Nf5 15. Rac1 Rc6 16. Bc3 {0-1 (40) Gurbanov,F-Zarkua,D (2390) Baku 2007}) 11. Nd2 {[%emt 0:07:36]} Nxd4 {[%emt 0:11:00]} 12. cxd4 {[%emt 0:01:33]} Nc6 {[%emt 0:00:54]} 13. a3 {[%emt 0:04:42]} Be7 {[%emt 0:00:21]} 14. Nf3 {[%emt 0:07:35]} O-O {[%emt 0:09:24]} 15. b3 {[%emt 0:07:11]} a5 {[%emt 0:03:47]} 16. Ra2 {[%emt 0:04:55]} a4 {[%emt 0:00:21]} 17. g4 axb3 18. Rg2 {[%emt 0:18:14]} f5 {[%emt 0:08:06]} 19. gxf5 {[%emt 0:00:00]} Rxf5 {[%emt 0:01:42]} 20. Qxb3 {[%emt 0:00:00]} Na5 {[%emt 0:01:28]} 21. Qd3 {[%emt 0:00:00]} Nc4 {[%emt 0:00:19]} 22. Kh1 {[%emt 0:00:00]} Raf8 {[%emt 0:09:24]} 23. Rfg1 {[%emt 0:00:00]} R8f7 {[%emt 0:03:49]} 24. Ng5 {[%emt 0:00:05]} Bxg5 {[%emt 0:00:41]} 25. Rxg5 {[%emt 0:00:41]} Qe8 {[%emt 0:04:09]} 26. Qg3 {[%emt 0:01:56]} Rxg5 {[%emt 0:00:37]} 27. Qxg5 {[%emt 0:00:27]} Qf8 {[%emt 0:00:50]} 28. h4 {[%emt 0:00:52]} Rf5 {[%emt 0:00:21]} 29. Qg4 {[%emt 0:00:26]} Qf7 {[%emt 0:01:23]} 30. Kh2 {[%emt 0:00:52]} b5 {[%emt 0:02:31]} 31. Kh3 {[%emt 0:00:19]} Kf8 {[%emt 0:03:51]} 32. Qg3 {[%emt 0:00:44]} g6 {[%emt 0:01:45]} 33. Qb3 {[%emt 0:00:30]} Qd7 {[%emt 0:00:56]} 34. Kg3 {[%emt 0:00:23]} Qc6 {[%emt 0:00:39]} 35. Rg2 {[%emt 0:00:39]} (35. Bd2 $11 {and White has nothing to worry.}) 35... Nxe5 {[%emt 0:05:12]} 36. dxe5 {[%emt 0:00:23]} Qxc1 {[%emt 0:00:13]} 37. Qb4+ {[%emt 0:00:34]} Kg8 $19 {[%emt 0:00:27]} 38. Rf2 {[%emt 0:00:33]} Qg1+ {[%emt 0:01:29]} 39. Kf3 {[%emt 0:00:23]} Qh1+ {[%emt 0:00:55]} 40. Kg3 {[%emt 0:00:38]} Qg1+ {[%emt 0:00:48]} 41. Kf3 {[%emt 0:00:05]} h6 {[%emt 0:02:41]} 42. a4 {[%emt 0:00:22]} g5 {[%emt 0:00:55]} 43. axb5 {[%emt 0:00:29]} Rxf4+ {[%emt 0:00:45]} 44. Qxf4 {[%emt 0:00:31]} Qd1+ {[%emt 0:00:25]} 45. Ke3 {[%emt 0:01:01]} gxf4+ {[%emt 0:00:10]} 46. Rxf4 {[%emt 0:00:13]} Qb3+ {[%emt 0:00:17]} 0-1

[Event "Israeli Open Championship 2019"]
[Site "Jerusalem"]
[Date "2019.12.15"]
[Round "3.15"]
[White "Sobel, Ido"]
[Black "Tsyn, Igor"]
[Result "1/2-1/2"]
[WhiteElo "1711"]
[BlackElo "2154"]
[Annotator "RC"]
[PlyCount "62"]
[EventDate "2019.12.12"]
[EventType "swiss"]
[EventCountry "ISR"]
[SourceTitle "playchess.com"]
[Source "ChessBase"]
[SourceQuality "1"]
[TimeControl "5400+30"]

1. e4 {[%emt 0:00:00]} c5 {[%emt 0:15:19]} 2. Nc3 {[%emt 0:00:00]} Nc6 {[%emt 0:00:09]} 3. f4 {[%emt 0:00:00]} e6 {[%emt 0:00:03]} 4. Bb5 {[%emt 0:00:04]} Nge7 {[%emt 0:00:55]} 5. Nf3 {[%emt 0:00:21]} a6 {[%emt 0:00:22]} 6. Bxc6 {[%emt 0:00:12]} Nxc6 {[%emt 0:01:18]} 7. d3 {[%emt 0:00:57]} d5 {[%emt 0:02:15]} 8. O-O {[%emt 0:00:24]} Be7 {[%emt 0:00:29]} 9. Qe1 {[%emt 0:01:10]} O-O {[%emt 0:03:47]} 10. a3 {[%emt 0:08:05]} b5 {[%emt 0:04:19]} 11. Nd1 {[%emt 0:07:30]} Nd4 {[%emt 0:24:33]} 12. Nxd4 {[%emt 0:09:01]} cxd4 {[%emt 0:00:04]} 13. e5 {[%emt 0:00:18]} Bd7 {[%emt 0:05:20]} 14. b3 {[%emt 0:04:48]} Rc8 {[%emt 0:12:21]} 15. Rf2 {[%emt 0:08:18]} Qb6 {[%emt 0:02:44]} 16. Bb2 {[%emt 0:02:40]} Bh4 {[%emt 0:03:08]} 17. g3 {[%emt 0:01:19]} Be7 {[%emt 0:00:00]} 18. Re2 {[%emt 0:07:16]} Qa7 {[%emt 0:00:30]} 19. Kh1 {[%emt 0:04:02]} f6 {[%emt 0:07:55]} 20. Qg1 {[%emt 0:02:42]} fxe5 {[%emt 0:00:42]} 21. fxe5 {[%emt 0:00:53]} Bc5 {[%emt 0:00:38]} 22. Nf2 {[%emt 0:14:44]} Rf5 {[%emt 0:01:49]} 23. Nh3 {[%emt 0:03:20]} Rcf8 {[%emt 0:01:18]} 24. b4 {[%emt 0:09:22]} Bb6 {[%emt 0:00:10]} 25. Nf4 {[%emt 0:05:20]} Bc8 {[%emt 0:00:24]} 26. Rae1 {[%emt 0:00:48]} Bd7 {[%emt 0:04:15]} 27. Ba1 {[%emt 0:03:55]} R8f7 {[%emt 0:01:56]} 28. Bb2 {[%emt 0:00:39]} Re7 {[%emt 0:00:34]} 29. Rf1 {[%emt 0:01:20]} Ref7 {[%emt 0:00:28]} 30. Rfe1 {[%emt 0:00:08]} Rg5 {[%emt 0:00:21]} 31. Rf1 {[%emt 0:02:08]} Rgf5 {[%emt 0:01:10]} 1/2-1/2

[Event "Israeli Open Championship 2019"]
[Site "Jerusalem"]
[Date "2019.12.15"]
[Round "3.16"]
[White "Slonimskij, Arkadij"]
[Black "Freiman, Mark"]
[Result "1-0"]
[WhiteElo "2133"]
[BlackElo "1724"]
[Annotator "RC"]
[PlyCount "77"]
[EventDate "2019.12.12"]
[EventType "swiss"]
[EventCountry "ISR"]
[SourceTitle "playchess.com"]
[Source "ChessBase"]
[SourceQuality "1"]
[TimeControl "5400+30"]

1. d4 {[%emt 0:00:00]} Nf6 {[%emt 0:00:00]} 2. c4 {[%emt 0:00:00]} e6 {[%emt 0:00:00]} 3. Nc3 {[%emt 0:00:00]} Bb4 {[%emt 0:00:01]} 4. Qc2 {[%emt 0:00:01]} d5 {[%emt 0:00:18]} 5. cxd5 {[%emt 0:00:10]} exd5 {[%emt 0:00:02]} 6. Bg5 {[%emt 0:00:12]} h6 {[%emt 0:00:16]} 7. Bh4 {[%emt 0:00:10]} c5 {[%emt 0:00:16]} 8. e3 {[%emt 0:00:12]} cxd4 {[%emt 0:00:51]} 9. exd4 {[%emt 0:00:24]} Nc6 {[%emt 0:02:58]} 10. Bb5 {[%emt 0:01:02]} O-O {[%emt 0:13:10]} 11. Nge2 {[%emt 0:00:18]} a6 {[%emt 0:07:38]} 12. Bxc6 {[%emt 0:03:57]} bxc6 {[%emt 0:00:03]} 13. O-O {[%emt 0:00:14]} Bd6 {[%emt 0:05:48]} 14. Bg3 {[%emt 0:01:15]} Ng4 {[%emt 0:09:02]} 15. h3 {[%emt 0:02:10]} Nf6 {[%emt 0:01:26]} 16. Rac1 {[%emt 0:03:25]} Re8 {[%emt 0:05:21]} 17. Bxd6 {[%emt 0:01:23]} Qxd6 {[%emt 0:01:07]} 18. Ng3 {[%emt 0:00:37]} Qf4 {[%emt 0:04:16]} 19. Nce2 {[%emt 0:03:48]} Qh4 {[%emt 0:02:22]} 20. Qd2 {[%emt 0:05:26]} Ne4 {[%emt 0:09:17]} 21. Nxe4 {[%emt 0:02:43]} Rxe4 {[%emt 0:00:10]} 22. f3 {[%emt 0:03:19]} Re6 {[%emt 0:03:42]} 23. Qf4 {[%emt 0:07:08]} Qe7 {[%emt 0:04:46]} 24. Ng3 {[%emt 0:00:37]} Rf6 {[%emt 0:02:45]} 25. Qe5 {[%emt 0:02:27]} Re6 {[%emt 0:00:42]} 26. Qf4 {[%emt 0:01:03]} Rf6 {[%emt 0:00:01]} 27. Qd2 {[%emt 0:00:36]} Qd6 {[%emt 0:00:15]} 28. f4 {[%emt 0:02:31]} Bd7 {[%emt 0:01:02]} 29. Rc3 {[%emt 0:01:52]} Re8 {[%emt 0:05:08]} 30. f5 {[%emt 0:02:00]} c5 {[%emt 0:04:45]} 31. dxc5 {[%emt 0:01:35]} Qe5 {[%emt 0:00:02]} 32. Qf4 {[%emt 0:00:43]} d4 {[%emt 0:04:45]} 33. Rcc1 {[%emt 0:07:12]} Qxf4 {[%emt 0:05:59]} 34. Rxf4 {[%emt 0:00:19]} d3 {[%emt 0:00:09]} 35. Rd4 {[%emt 0:01:31]} Bxf5 {[%emt 0:02:28]} 36. Nxf5 {[%emt 0:00:57]} Rxf5 {[%emt 0:00:01]} 37. c6 {[%emt 0:00:44]} Kh7 {[%emt 0:04:44]} 38. c7 {[%emt 0:00:54]} Rc8 {[%emt 0:00:07]} 39. Rxd3 {[%emt 0:00:25]} 1-0

[Event "Israeli Open Championship 2019"]
[Site "Jerusalem"]
[Date "2019.12.15"]
[Round "3.17"]
[White "Kunin, Michael"]
[Black "Leor, Ephraim"]
[Result "1/2-1/2"]
[WhiteElo "2102"]
[BlackElo "1704"]
[Annotator "TA"]
[PlyCount "114"]
[EventDate "2019.12.12"]
[EventType "swiss"]
[EventCountry "ISR"]
[SourceTitle "playchess.com"]
[Source "ChessBase"]
[SourceQuality "1"]

{[%evp 9,114,24,34,8,57,-20,53,47,56,54,45,0,0,0,0,-10,0,0,8,15,6,10,11,12,27,-4,50,47,98,104,116,102,154,157,270,273,258,169,354,252,329,227,198,87,84,8,8,8,8,10,18,-14,85,82,97,72,141,141,141,122,121,120,120,116,420,436,429,433,700,620,1692,1633,936,2354,2219,1795,3654,2219,2325,1475,1394,959,1272,1271,1140,731,509,108,95,38,39,0,0,-8,-8,-8,-8,-8,-8,-8,-8,-8,-8,-8,-8,-8,-8]} 1. e4 g6 2. d4 Bg7 3. Nc3 d6 4. Bc4 Nf6 5. Bb3 O-O 6. f4 {B07: Pirc Defence: Miscellaneous Systems} (6. Nge2 Nbd7 7. O-O c5 8. Re1 cxd4 9. Nxd4 Nc5 10. Bg5 h6 11. Bh4 a6 12. Nd5 Nxd5 13. exd5 {1-0 (81) Aronian,L (2815)-Morozevich,A (2748) Beijing 2012}) 6... c6 7. a4 (7. Nf3 $14) 7... e5 $146 (7... c5 $11) ({Predecessor:} 7... Na6 8. Nf3 c5 9. e5 dxe5 10. fxe5 Ne8 11. d5 Bg4 12. Bf4 Qb6 13. a5 Qb4 14. Ra4 b5 15. Rxb4 Nxb4 16. Nxb5 {1-0 (16) Parkin,J-Feighan,K Perth 1995}) 8. dxe5 $14 {White is slightly better.} dxe5 9. Qxd8 Rxd8 10. fxe5 {And now Bg5 would win.} Ng4 11. Nf3 Nxe5 12. O-O (12. Bg5 {keeps more tension.} Re8 13. Nxe5 Bxe5 14. Rd1 Na6 15. O-O) 12... Be6 13. Bxe6 Nxf3+ 14. gxf3 {Bg5 is the strong threat.} fxe6 15. Bg5 Rf8 16. Rad1 Na6 17. Ne2 h6 ({Better is} 17... Bxb2 $11 18. Rb1 Bf6 19. Bxf6 Rxf6) 18. Be3 e5 (18... Rf7 $14) 19. Rd6 $16 Kh7 20. Kg2 Rf6 (20... Rf7 $142) 21. Rfd1 Raf8 (21... Rf7 $16 22. Rd7 Rxd7 23. Rxd7 b6) 22. Rxf6 $18 (22. Bxa7 Rxf3 23. Rd7 R3f7 $14) 22... Rxf6 23. Bxa7 c5 $2 (23... Rf7 24. Bf2 Nc7) 24. c3 b6 25. Rd7 c4 26. Rb7 (26. Re7 $18 {is more deadly.}) 26... Nc5 $16 27. Rc7 (27. Rxb6 $6 Rxb6 28. Bxb6 Nxa4 $11) (27. Re7 $16) 27... Nxa4 $11 28. Rxc4 Nxb2 29. Rb4 Nd3 30. Rxb6 Rxb6 (30... Rf7 $11 31. Ra6 Ne1+ 32. Kh1 Nxf3) 31. Bxb6 {[%mdl 4096] Endgame KBN-KBN} Bf8 32. c4 Bc5 (32... h5 $142) 33. Bxc5 $16 Nxc5 {KN-KN} 34. Kf2 Kg7 35. Ke3 Kf6 36. Nc1 Ke7 $2 {[%mdl 8192]} (36... Ke6 $16) 37. Nd3 $18 Nd7 38. c5 Ke6 (38... g5 $142 39. c6 Nf8) 39. f4 exf4+ 40. Nxf4+ {[%mdl 64] [#] Double Attack} Kf7 41. c6 (41. Kd4 $142 g5 42. Nd5) 41... Nb6 42. Kd4 g5 43. Nd5 Nc8 44. Ke5 h5 45. Ne3 Ke7 46. Nf5+ Kd8 47. Kd5 Kc7 48. Nd4 $2 (48. e5 $18 {has better winning chances.}) 48... g4 $16 {[#]} 49. e5 ({White should play} 49. Nf5 $1 $16) 49... h4 $14 50. Nf5 g3 {The position is equal.} 51. hxg3 h3 52. g4 {aiming for Ke6.} Ne7+ {[%mdl 64] Double Attack} 53. Ke4 ({Don't blunder} 53. Nxe7 $2 h2 $19) 53... Nxf5 54. Kf3 $132 {[%mdl 2048] White is not holding back} ({Don't go for} 54. Kxf5 $2 Kxc6 55. Kg5 h2 56. e6 h1=Q 57. e7 Qe4 58. Kh5 Qxe7 59. g5 Kd5 60. Kh4 Qf7 61. Kh3 Ke4 62. Kg3 Qf3+ 63. Kh2 Qf2+ 64. Kh1 Kf3 65. g6 Qg2#) ({Avoid the trap} 54. gxf5 $2 h2 $19) 54... Nh4+ (54... h2 $5 55. Kg2 $8 Ng7 $11) 55. Kg3 h2 {[%mdl 64] Decoy} 56. Kxh2 Nf3+ 57. Kg3 Nxe5 {Accuracy: White = 51%, Black = 31%.} 1/2-1/2

[Event "Israeli Open Championship 2019"]
[Site "Jerusalem"]
[Date "2019.12.15"]
[Round "3.18"]
[White "Cohen, Moshe"]
[Black "Berenboym, Igor"]
[Result "0-1"]
[WhiteElo "1697"]
[BlackElo "2100"]
[Annotator "TA"]
[PlyCount "86"]
[EventDate "2019.12.12"]
[EventType "swiss"]
[EventCountry "ISR"]
[SourceTitle "playchess.com"]
[Source "ChessBase"]
[SourceQuality "1"]

{[%evp 10,86,10,0,0,-4,15,10,14,-8,16,8,10,0,0,2,3,-17,-12,-34,-14,-16,-4,-12,-17,-28,-13,-38,-30,-39,-16,-28,-35,-68,-45,-32,-52,-40,-15,-322,-312,-400,-230,-678,-697,-816,-809,-733,-464,-405,-354,-536,-531,-550,-547,-543,-535,-537,-524,-482,-380,-1395,-1355,-1298,-1294,-1793,-1772,-1572,-1672,-1560,-1521,-29971,-29972,-5127,-5111,-29992,-29974,-4906,-1396]} 1. e4 c5 2. Nf3 e6 3. c3 d5 4. exd5 exd5 5. d4 Nc6 6. Be3 cxd4 {B22: Sicilian: 2 c3} 7. cxd4 Qb6 $146 ({Predecessor:} 7... Nxd4 8. Nxd4 Nf6 9. Bb5+ Bd7 10. Bxd7+ Qxd7 11. O-O Be7 12. Nd2 O-O {½-½ (12) Arencibia Rodriguez,W (2531)-Moiseenko,A (2640) Guelph 2004}) 8. Nc3 Nf6 {The position is equal.} 9. Qc2 Be7 10. Be2 O-O 11. h3 Be6 12. O-O Rac8 13. Na4 Qa5 14. Bd2 Bb4 15. Bxb4 Qxb4 16. Qb3 (16. Rfd1 {with more complications.} Ne4 17. Nc3 Rfe8 18. Bd3 Qb6 19. Rac1) 16... Qxb3 17. axb3 Ne4 18. Nc3 a6 19. Rfd1 Nb4 20. Ra4 Nc2 21. Rd3 b5 22. Ra5 Nb4 $36 {[%mdl 2048] Black has the initiative.} 23. Re3 f5 {[#] Threatens to win with ...f4.} 24. Nxe4 $4 {[%mdl 8192]} (24. Bf1 $11) 24... dxe4 $19 25. Ng5 Rc1+ (25... Bd5 $142 26. f3 Rc1+ 27. Kh2 Re1 28. fxe4 fxe4 29. Rxa6 Nxa6 30. Nxe4 g6) 26. Bf1 $2 (26. Kh2 Bd5 27. Rc3) 26... Bd5 27. h4 h6 28. Nh3 Nd3 {And now ...f4 would win.} 29. g3 Bxb3 30. Rxa6 (30. Nf4 {is a better defense.}) 30... Bc4 31. b3 Bxb3 32. Kg2 Bc4 33. Be2 b4 34. Rb6 b3 35. Bxd3 $2 {[#]} (35. Nf4 Nxf4+ 36. gxf4) 35... exd3 ({Not} 35... Bxd3 36. Rxb3 Bf1+ 37. Kh2 $17) 36. Rxd3 Bxd3 37. Rxb3 Be4+ 38. f3 Rc2+ 39. Nf2 Bc6 40. Rd3 Ra8 41. d5 Bd7 42. Kg1 Ra1+ 43. Nd1 Rcc1 {Accuracy: White = 34%, Black = 57%.} 0-1

[Event "Israeli Open Championship 2019"]
[Site "Jerusalem"]
[Date "2019.12.16"]
[Round "4.1"]
[White "Flom, Gabriel"]
[Black "Nabaty, Tamir"]
[Result "0-1"]
[WhiteElo "2506"]
[BlackElo "2647"]
[Annotator "TA"]
[PlyCount "48"]
[EventDate "2019.12.12"]
[EventType "swiss"]
[EventCountry "ISR"]
[SourceTitle "playchess.com"]
[Source "ChessBase"]
[SourceQuality "1"]

{[%evp 10,68,30,28,35,27,22,38,37,14,22,28,27,32,41,34,13,28,11,29,23,22,12,15,83,15,17,-19,-11,-18,0,0,8,-33,-19,-52,-68,-76,-68,-231,0,0,0,-37,-47,-244,-232,-241,-236,-233,-154,-162,-113,-669,-669,-1201,-970,-1735,-1401,-1287,-1131]} 1. d4 d5 2. c4 c6 3. Nc3 Nf6 4. e3 Bf5 5. cxd5 cxd5 6. Qb3 Nc6 {D10: Slav Defence: 3 cxd5 (without early Nf3) and 3 Nc3} 7. Qxb7 Bd7 $1 {And now ...Rb8 would win.} 8. Qb3 e5 {White is slightly better.} ({Predecessor:} 8... Rb8 9. Qd1 e5 10. dxe5 Nxe5 11. Be2 Qc7 12. Nf3 Nxf3+ 13. Bxf3 {0-1 (38) Gordievsky,D (2530)-Esipenko,A (2463) Loo 2016}) 9. Nf3 Rb8 10. Qd1 Bd6 11. dxe5 Nxe5 12. Be2 Nxf3+ $146 (12... O-O 13. O-O Nxf3+ 14. Bxf3 {0-1 (51) Harikrishna,P (2744)-Mamedov,R (2709) Riadh 2017}) 13. Bxf3 Qc7 14. h3 O-O 15. O-O Rfd8 16. Qd3 Bh2+ 17. Kh1 Be5 $1 18. Bd2 Rxb2 19. Rfc1 Qa5 20. Be1 {[%cal Rc3d5]} Qa3 21. Qd1 Bf5 22. g4 Bg6 23. g5 Qa6 {[%cal Ra6f1]} 24. Kg2 $2 {[#]} (24. Kg1 $15 Qe6 25. Bg2) 24... Bf5 {Played: d5-d4} 0-1

[Event "Israeli Open Championship 2019"]
[Site "Jerusalem"]
[Date "2019.12.16"]
[Round "4.2"]
[White "Postny, Evgeny"]
[Black "Rechlis, Gad"]
[Result "1-0"]
[WhiteElo "2605"]
[BlackElo "2490"]
[Annotator "TA"]
[PlyCount "71"]
[EventDate "2019.12.12"]
[EventType "swiss"]
[EventCountry "ISR"]
[SourceTitle "playchess.com"]
[Source "ChessBase"]
[SourceQuality "1"]

{[%evp 19,71,18,14,23,14,12,76,73,75,79,129,0,268,257,236,102,120,58,52,43,168,156,149,149,464,448,460,466,476,464,456,467,606,606,599,600,601,671,636,627,671,641,1409,1384,954,867,29982,29983,29983,29984,29983,29984,29984,29984]} 1. d4 Nf6 2. c4 g6 3. Nc3 Bg7 4. e4 O-O 5. Nf3 d6 6. Be2 c5 7. d5 e6 8. Nd2 Na6 9. O-O Nc7 10. Re1 Re8 11. h3 {E91: King's Indian: Classical: 6 Be2, unusual replies including 6...c5 and 6...Bg4} exd5 12. cxd5 b5 $146 (12... Rb8 $11 {keeps the balance.}) ({Predecessor:} 12... Rb8 13. a4 a6 14. a5 Bd7 15. Qb3 Bb5 16. Nxb5 axb5 17. Bxb5 Nxb5 18. Qxb5 Nxd5 19. Nf3 Nc7 20. Qb3 Ne6 21. Be3 {0-1 (61) Levin,E (2486)-Reinderman,D (2576) Rijeka 2010}) 13. Nxb5 $16 {White is better.} Nxe4 {[#]} 14. Nxc7 $1 Nxf2 15. Bf1 ({Don't play} 15. Kxf2 $6 Bd4+ 16. Kg3 Be5+ 17. Kf2 Bd4+ 18. Kg3 Be5+ 19. Kf2 Bd4+ $11) ({White should try} 15. Bb5 $16 Rxe1+ 16. Qxe1 Nxh3+ 17. gxh3 Bd4+ 18. Kg2 Qxc7 19. Nf3) 15... Bd7 $2 {[%mdl 8192]} (15... Rxe1 $1 $11 {and Black stays safe.} 16. Qxe1 Bd4) 16. Rxe8+ $18 Bxe8 17. Qe2 (17. Kxf2 $18 {and White stays clearly on top.} Bd4+ 18. Kg3 Be5+ 19. Kf3 Qxc7 20. Nc4) 17... Qxc7 18. Nf3 (18. Kxf2 $16 Bd4+ 19. Kg3 Be5+ 20. Kf3) 18... Nxh3+ $1 $14 19. gxh3 Rb8 {[#]} ({Better is} 19... Qb7 $1 $14) 20. Bf4 $1 $18 Bb5 21. Qh2 Bxf1 $4 {[%mdl 8192]} (21... Qd7 $16) 22. Bxd6 ({Not} 22. Rxf1 Rxb2 23. Qg3 (23. Bxd6 Qb7 $11) 23... c4 $11) 22... Rxb2 23. Bxc7 Rxh2 24. Bxh2 Bxa1 25. Kxf1 f5 26. Bg1 Bf6 27. Bxc5 a6 28. Be3 Kf7 29. Ke2 Be7 30. Bf4 Bf8 31. Ng5+ Kg8 32. Ne6 Kf7 33. Nxf8 {White mates.} Kxf8 34. Kd3 Kg7 35. Kd4 h6 36. h4 {Accuracy: White = 71%, Black = 19%.} 1-0